000 00756nam a22002417a 4500
003 OSt
005 20220107122819.0
008 160720b xxu||||| |||| 00| 0 eng d
020 _a9781511809146
040 _cIIITMK
082 _a004.16 JAM/I
100 _aJames, Alex Pappachen
_910315
245 _aAn introductory guide to Raspberry Pi
_cAlex papachen James, Sherin Sugathan, Deepthi A. J. and Swathi Kiran S.
260 _aKerala,
_bEnview Research and Development Labs,
_c2015.
300 _a68p.
650 _aCOMPUTER SCIENCE
_910316
650 _aTYPES OF COMPUTER
_910317
650 _aMICRO COMPUTERS
_910318
700 _aSugathan,Sherin
_910600
700 _aJ., Deepthi A.
_910601
700 _aS,Swathi Kiran
_910602
942 _2ddc
_cBK
999 _c5323
_d5323